[Event "SRB-chT2 West"]
[Site "Arandjelovac"]
[Date "2018.09.09"]
[Round "4.6"]
[White "Musovic, Sabrija"]
[Black "Semsovic, Alija"]
[Result "1-0"]
[WhiteElo "2005"]
[BlackElo "2063"]
[PlyCount "87"]
[EventDate "2018.09.07"]
[EventType "team-tourn"]
[EventRounds "11"]
[EventCountry "SRB"]
[SourceTitle "EXT 2021"]
[Source "ChessBase"]
[SourceDate "2020.10.23"]
[SourceVersion "1"]
[SourceVersionDate "2020.10.23"]
[SourceQuality "1"]
[WhiteTeam "Prijepolje Priko"]
[BlackTeam "Tutin"]
[WhiteTeamCountry "SRB"]
[BlackTeamCountry "SRB"]

1. e4 e5 2. Nf3 Nc6 3. Bb5 a6 4. Ba4 Nf6 5. d3 d6 6. h3 Be7 7. 0-0 0-0 8. c3 h6 9. Re1 b5 10. Bc2 Nh7 11. a4 Bb7 12. d4 Bg5 13. Nbd2 Qf6 14. Nf1 Rfd8 15. Ne3 Ne7 16. Ng4 Qg6 17. Bxg5 Nxg5 18. Nh4 Qh7 19. Nf5 Ng6 20. h4 Ne6 21. g3 h5 22. Nh2 Ngf8 23. Nf3 f6 24. b4 g6 25. Ne3 Qe7 26. Nd5 Qf7 27. Bb3 Kg7 28. Qd3 c6 29. Nb6 Rab8 30. d5 Nc7 31. c4 bxc4 32. Bxc4 cxd5 33. exd5 Nd7 34. Nxd7 Qxd7 35. b5 axb5 36. axb5 Ra8 37. b6 Ne8 38. Bb5 Qc8 39. Rac1 Qb8 40. Bxe8 Rxe8 41. Rc7+ Kh6 42. Qd2+ g5 43. hxg5+ Kg6 44. Nh4# 1-0

[Event "SRB-chT2 West"]
[Site "Kragujevac"]
[Date "2017.09.09"]
[Round "3"]
[White "Jovic, Slavko"]
[Black "Musovic, Sabrija"]
[Result "1-0"]
[WhiteElo "1932"]
[BlackElo "2037"]
[PlyCount "75"]
[EventDate "2017.09.08"]
[EventType "team-tourn"]
[EventRounds "11"]
[EventCountry "SRB"]
[SourceTitle "EXT 2022"]
[Source "ChessBase"]
[SourceDate "2021.10.06"]
[SourceVersion "1"]
[SourceVersionDate "2021.10.06"]
[SourceQuality "1"]

1. e4 c5 2. d4 cxd4 3. c3 dxc3 4. Nxc3 e6 5. Bc4 Qc7 6. Qe2 Bb4 7. Bd2 Bxc3 8. Bxc3 Ne7 9. Nf3 0-0 10. 0-0 Nbc6 11. e5 Ng6 12. Rad1 a6 13. a4 b6 14. Rfe1 f6 15. exf6 gxf6 16. Nd4 Nce5 17. Bb3 d5 18. g3 Re8 19. f4 Nc4 20. Nf5 Rf8 21. Nh6+ Kg7 22. Qh5 b5 23. Ng4 Qd8 24. Qh6+ Kg8 25. Bxc4 bxc4 26. f5 Ne5 27. Rxe5 fxe5 28. Bxe5 Ra7 29. fxe6 Rf5 30. Nf6+ Rxf6 31. Bxf6 Qb6+ 32. Bd4 Qc7 33. Qg5+ Kf8 34. Rf1+ Ke8 35. Qg8+ Ke7 36. Rf7+ Kd6 37. Rxc7 Rxc7 38. Qd8+ 1-0

[Event "Sarajevo Bosna op 47th"]
[Site "Sarajevo"]
[Date "2017.05.14"]
[Round "2"]
[White "Lakusic, Zoran"]
[Black "Musovic, Sabrija"]
[Result "1-0"]
[WhiteElo "1775"]
[BlackElo "2053"]
[PlyCount "97"]
[EventDate "2017.05.13"]
[EventType "swiss"]
[EventRounds "9"]
[EventCountry "BIH"]
[SourceTitle "CBM 178 Extra"]
[Source "ChessBase"]
[SourceDate "2017.06.22"]
[SourceVersion "1"]
[SourceVersionDate "2017.06.22"]
[SourceQuality "1"]

1. e4 c5 2. Bc4 e6 3. Nc3 a6 4. a4 Nc6 5. Nf3 g6 6. d4 cxd4 7. Nxd4 Bg7 8. Nxc6 bxc6 9. 0-0 Qb6 10. a5 Qc7 11. Be3 c5 12. Na4 d6 13. Qd3 Bb7 14. Nb6 Rd8 15. Bxa6 Ne7 16. Bxb7 Qxb7 17. Qb5+ Qc6 18. Qxc6+ Nxc6 19. c3 h6 20. Rfd1 Ke7 21. f4 e5 22. g3 f5 23. exf5 gxf5 24. Nc4 Ke6 25. a6 d5 26. Na5 Nxa5 27. Rxa5 d4 28. cxd4 cxd4 29. a7 Ra8 30. Bf2 Rhd8 31. fxe5 Bxe5 32. b4 Bc7 33. Ra6+ Rd6 34. Rxd6+ Kxd6 35. Rxd4+ Kc6 36. Rh4 Kb5 37. Bc5 Ba5 38. Rxh6 Bxb4 39. Bxb4 Kxb4 40. Rh7 Kc5 41. Kf2 Kd5 42. h4 Ke5 43. Kf3 Kf6 44. g4 fxg4+ 45. Kxg4 Rg8+ 46. Kf4 Rc8 47. Rh6+ Kg7 48. Ra6 Ra8 49. h5 1-0

[Event "Sarajevo Bosna op 46th"]
[Site "Sarajevo"]
[Date "2016.06.03"]
[Round "9"]
[White "Durakovic, Alman"]
[Black "Musovic, Sabrija"]
[Result "1/2-1/2"]
[WhiteElo "2292"]
[BlackElo "2025"]
[PlyCount "130"]
[EventDate "2016.05.28"]
[EventType "swiss"]
[EventRounds "9"]
[EventCountry "BIH"]
[SourceTitle "EXT 2019"]
[Source "ChessBase"]
[SourceDate "2018.10.10"]
[SourceVersion "1"]
[SourceVersionDate "2018.10.10"]
[SourceQuality "1"]

1. d4 d5 2. c4 c6 3. Nc3 Nf6 4. e3 e6 5. Nf3 Bb4 6. Bd3 c5 7. 0-0 cxd4 8. exd4 dxc4 9. Bxc4 0-0 10. Bg5 Be7 11. Qe2 Nc6 12. Rad1 Nd5 13. Bc1 a6 14. Qe4 Ncb4 15. Rfe1 Bf6 16. a3 Nxc3 17. bxc3 Nd5 18. Bd3 g6 19. Bd2 Bg7 20. c4 Nf6 21. Qh4 Nh5 22. Qxd8 Rxd8 23. Ba5 Re8 24. Rb1 Nf6 25. Ne5 Nd7 26. Nxd7 Bxd7 27. Rxb7 Bc8 28. Rbb1 Bxd4 29. Be4 Ra7 30. Rec1 Bc5 31. Bb6 Bxb6 32. Rxb6 Rc7 33. c5 Rd8 34. Kf1 Rd4 35. Ba8 Kf8 36. Ke2 Ke7 37. Ke3 e5 38. c6 f5 39. f3 f4+ 40. Ke2 a5 41. Rc3 Kd6 42. Bb7 Be6 43. Rb2 g5 44. Ba6 Rxc6 45. Rxc6+ Kxc6 46. Bb7+ Kc5 47. Be4 Bc4+ 48. Ke1 Bd3 49. Bxd3 Rxd3 50. a4 Rd5 51. Rb7 h6 52. Ke2 Kc4 53. Rb6 Kc3 54. Rxh6 Rd2+ 55. Kf1 Kb4 56. Rh5 Kxa4 57. Rxg5 Rd5 58. Rg8 Ka3 59. h4 a4 60. Ke2 Kb2 61. Rb8+ Kc3 62. Rc8+ Kb2 63. Rb8+ Kc3 64. Rc8+ Kb2 65. Rb8+ Kc3 1/2-1/2

[Event "Sarajevo Bosna op 46th"]
[Site "Sarajevo"]
[Date "2016.06.02"]
[Round "8"]
[White "Musovic, Sabrija"]
[Black "Maksimovic, Bojan"]
[Result "1-0"]
[WhiteElo "2025"]
[BlackElo "2161"]
[PlyCount "103"]
[EventDate "2016.05.28"]
[EventType "swiss"]
[EventRounds "9"]
[EventCountry "BIH"]
[SourceTitle "EXT 2019"]
[Source "ChessBase"]
[SourceDate "2018.10.10"]
[SourceVersion "1"]
[SourceVersionDate "2018.10.10"]
[SourceQuality "1"]

1. e4 c5 2. Nf3 d6 3. d4 cxd4 4. Nxd4 Nf6 5. Nc3 e6 6. Bb5+ Bd7 7. Bxd7+ Qxd7 8. Bg5 Be7 9. f4 0-0 10. Qf3 Nc6 11. 0-0-0 a6 12. g4 Rac8 13. h4 Nxd4 14. Rxd4 Qc7 15. h5 e5 16. Rd2 h6 17. Bxf6 Bxf6 18. Nd5 Qd8 19. g5 hxg5 20. f5 g4 21. Nxf6+ Qxf6 22. Qxg4 Qh6 23. Rg1 Rc4 24. c3 d5 25. f6 Qxf6 26. Rxd5 Kh7 27. Kc2 Rg8 28. b3 Rc7 29. a4 Kh8 30. Rg3 Qe7 31. Kb2 Rc6 32. Rd7 Qf8 33. Rxb7 Qd6 34. Rd7 Qh6 35. Rgd3 Rf6 36. Qe2 Qg5 37. R7d6 Rf4 38. Rxa6 Qg1 39. Rd1 Qg3 40. Qd3 Rf2+ 41. Ka3 Rf3 42. Qd5 Rxc3 43. Rb6 Rgc8 44. Qxf7 Qe3 45. h6 Qc5+ 46. Rb4 gxh6 47. Rd7 Rxb3+ 48. Qxb3 Qc1+ 49. Qb2 Rc3+ 50. Rb3 Rxb3+ 51. Kxb3 Qe3+ 52. Ka2 1-0

[Event "Sarajevo Bosna op 46th"]
[Site "Sarajevo"]
[Date "2016.06.01"]
[Round "7"]
[White "Pasalic, Harun"]
[Black "Musovic, Sabrija"]
[Result "1/2-1/2"]
[WhiteElo "2253"]
[BlackElo "2025"]
[PlyCount "60"]
[EventDate "2016.05.28"]
[EventType "swiss"]
[EventRounds "9"]
[EventCountry "BIH"]
[SourceTitle "EXT 2019"]
[Source "ChessBase"]
[SourceDate "2018.10.10"]
[SourceVersion "1"]
[SourceVersionDate "2018.10.10"]
[SourceQuality "1"]

1. e4 c5 2. Nf3 d6 3. d4 cxd4 4. Nxd4 Nf6 5. Nc3 a6 6. Bc4 e6 7. Be3 Qc7 8. Qe2 Be7 9. g4 h5 10. g5 Ng4 11. g6 Nxe3 12. gxf7+ Kxf7 13. fxe3 Bh4+ 14. Kd2 Nc6 15. Rhg1 Nxd4 16. exd4 Bf6 17. Raf1 Ke8 18. Qd3 Rh6 19. Kc1 b5 20. Bb3 Ra7 21. e5 dxe5 22. d5 e4 23. Nxe4 Qe5 24. Nxf6+ Rxf6 25. Qh7 Raf7 26. Re1 Qf4+ 27. Kb1 g6 28. Qh8+ Rf8 29. Qg7 R8f7 30. Qg8+ Rf8 1/2-1/2

[Event "Sarajevo Bosna op 46th"]
[Site "Sarajevo"]
[Date "2016.05.31"]
[Round "5"]
[White "Batricevic, Sasa"]
[Black "Musovic, Sabrija"]
[Result "1/2-1/2"]
[WhiteElo "2296"]
[BlackElo "2025"]
[PlyCount "50"]
[EventDate "2016.05.28"]
[EventType "swiss"]
[EventRounds "9"]
[EventCountry "BIH"]
[SourceTitle "EXT 2019"]
[Source "ChessBase"]
[SourceDate "2018.10.10"]
[SourceVersion "1"]
[SourceVersionDate "2018.10.10"]
[SourceQuality "1"]

1. e4 c5 2. Nf3 d6 3. d4 cxd4 4. Nxd4 Nf6 5. Nc3 a6 6. Bg5 e6 7. Qf3 Be7 8. 0-0-0 Qc7 9. g4 Nc6 10. Rg1 Bd7 11. Be3 h5 12. h3 hxg4 13. hxg4 b5 14. g5 Ne5 15. Qe2 Nh5 16. f4 b4 17. Nb1 Nc6 18. g6 Nxd4 19. gxf7+ Kxf7 20. Bxd4 Rac8 21. Rd2 Nxf4 22. Rxg7+ Kf8 23. Qf2 e5 24. Rg1 Bh4 25. Qf3 Rh7 1/2-1/2

[Event "Sarajevo Bosna op 46th"]
[Site "Sarajevo"]
[Date "2016.05.30"]
[Round "4"]
[White "Musovic, Armin"]
[Black "Musovic, Sabrija"]
[Result "1-0"]
[WhiteElo "2203"]
[BlackElo "2025"]
[PlyCount "73"]
[EventDate "2016.05.28"]
[EventType "swiss"]
[EventRounds "9"]
[EventCountry "BIH"]
[SourceTitle "EXT 2019"]
[Source "ChessBase"]
[SourceDate "2018.10.10"]
[SourceVersion "1"]
[SourceVersionDate "2018.10.10"]
[SourceQuality "1"]

1. e4 c5 2. c3 d5 3. exd5 Qxd5 4. d4 cxd4 5. cxd4 Nc6 6. Nf3 e5 7. Nc3 Bb4 8. Bd2 Bxc3 9. Bxc3 e4 10. Ne5 Nxe5 11. dxe5 Ne7 12. Qa4+ Bd7 13. Qa3 Qe6 14. Rd1 0-0 15. Rd6 Qf5 16. Qb4 Bc6 17. Qd4 e3 18. fxe3 Qb1+ 19. Kf2 Be4 20. Qd1 Qxa2 21. Rd4 Qb1 22. Qxb1 Bxb1 23. Bb5 Bf5 24. Bb4 Ng6 25. Bxf8 Kxf8 26. Rhd1 Nxe5 27. e4 Be6 28. Rd8+ Rxd8 29. Rxd8+ Ke7 30. Rb8 Ng4+ 31. Kg3 Kd6 32. Rxb7 Ke5 33. Bd7 Nf6 34. Bxe6 Nxe4+ 35. Kf3 Nd6 36. Rxf7 Nxf7 37. Bxf7 1-0

[Event "SRB Central-ch op-B 8th"]
[Site "Paracin"]
[Date "2015.07.09"]
[Round "8"]
[White "Maksimovic, Bojan"]
[Black "Musovic, Sabrija"]
[Result "1-0"]
[WhiteElo "1901"]
[BlackElo "2021"]
[PlyCount "125"]
[EventDate "2015.07.03"]
[EventType "swiss"]
[EventRounds "9"]
[EventCountry "SRB"]
[SourceTitle "CBM 167 Extra"]
[Source "ChessBase"]
[SourceDate "2015.09.14"]
[SourceVersion "1"]
[SourceVersionDate "2015.09.14"]
[SourceQuality "1"]

1. e4 c5 2. Nf3 d6 3. d4 cxd4 4. Nxd4 Nf6 5. Nc3 a6 6. Be3 e5 7. Nf3 Be7 8. Bc4 Qc7 9. Bb3 Bg4 10. 0-0 Nbd7 11. h3 Bh5 12. Qe2 h6 13. Rad1 Rc8 14. a4 0-0 15. g4 Bg6 16. Nd2 Nc5 17. f3 Ne6 18. Nc4 Nc5 19. a5 Qc6 20. Nb6 Rb8 21. Ncd5 Nxd5 22. Bxd5 Qc7 23. Ba2 Bd8 24. b4 Ne6 25. Qc4 Re8 26. Qd3 Bg5 27. Bxg5 Nxg5 28. Kh2 Rbd8 29. Rd2 Ne6 30. Bxe6 Rxe6 31. Qb3 Qe7 32. Rfd1 h5 33. Qe3 hxg4 34. hxg4 Bh7 35. Qf2 Qg5 36. Qg3 Rh6+ 37. Kg2 Kf8 38. Nc4 Re6 39. Rd3 Ke7 40. Ne3 Kf8 41. c4 Rc8 42. Rh1 Kg8 43. Qh4 Qxh4 44. Rxh4 g5 45. Rh1 Kg7 46. Rhd1 Rc6 47. Kf2 Kf8 48. Rd5 Rh6 49. Kg3 Ke7 50. b5 Rc7 51. bxa6 bxa6 52. Rb1 Kd7 53. Rb6 Rc6 54. c5 Rxb6 55. cxb6 Kc6 56. Nc4 f5 57. gxf5 Bg8 58. b7 Kxb7 59. Rxd6 Rh1 60. Rb6+ Ka7 61. Nxe5 Rg1+ 62. Kf2 Ra1 63. Nc6+ 1-0

[Event "SRB Central-ch op-B 8th"]
[Site "Paracin"]
[Date "2015.07.08"]
[Round "7"]
[White "Musovic, Sabrija"]
[Black "Menzi, Nezihe Ezgi"]
[Result "1/2-1/2"]
[WhiteElo "2021"]
[BlackElo "1807"]
[PlyCount "91"]
[EventDate "2015.07.03"]
[EventType "swiss"]
[EventRounds "9"]
[EventCountry "SRB"]
[SourceTitle "CBM 167 Extra"]
[Source "ChessBase"]
[SourceDate "2015.09.14"]
[SourceVersion "1"]
[SourceVersionDate "2015.09.14"]
[SourceQuality "1"]

1. e4 c5 2. Nf3 g6 3. d4 cxd4 4. Nxd4 Bg7 5. Nc3 Nc6 6. Be3 Nf6 7. Bc4 0-0 8. f3 Qb6 9. Qd2 Nxe4 10. fxe4 Bxd4 11. Bxd4 Qxd4 12. Qxd4 Nxd4 13. 0-0-0 Nc6 14. Nd5 a6 15. Nb6 Rb8 16. Nxd7 Bxd7 17. Rxd7 Ne5 18. Rc7 Nxc4 19. Rxc4 Rfd8 20. Rc7 Kf8 21. Re1 Ke8 22. Rc3 Rbc8 23. Rb3 b5 24. Ra3 Rc6 25. e5 Rd5 26. Rf3 Re6 27. Rfe3 Kf8 28. c3 Ke8 29. Kc2 Kd7 30. Re4 Rc6 31. R1e2 Ke6 32. Rf2 Rc4 33. Re3 Rh4 34. Ref3 Rxh2 35. Rxf7 Rxe5 36. Rg7 Kd6 37. Kb3 a5 38. a4 Kc5 39. Rd2 Re4 40. axb5 Kxb5 41. Rd5+ Kb6 42. Rd2 Kc5 43. Rg8 Rg4 44. Rc8+ Kb6 45. Rb8+ Kc7 46. Rdd8 1/2-1/2

[Event "SRB Central-ch op-B 8th"]
[Site "Paracin"]
[Date "2015.07.07"]
[Round "6"]
[White "Musovic, Sabrija"]
[Black "Bal, Enes Emre"]
[Result "1-0"]
[WhiteElo "2021"]
[BlackElo "1886"]
[PlyCount "71"]
[EventDate "2015.07.03"]
[EventType "swiss"]
[EventRounds "9"]
[EventCountry "SRB"]
[SourceTitle "CBM 167 Extra"]
[Source "ChessBase"]
[SourceDate "2015.09.14"]
[SourceVersion "1"]
[SourceVersionDate "2015.09.14"]
[SourceQuality "1"]

1. e4 c5 2. Nf3 g6 3. d4 cxd4 4. Nxd4 Bg7 5. Nc3 Nc6 6. Be3 Nf6 7. Bc4 0-0 8. 0-0 d6 9. f3 Bd7 10. Qd2 Ne5 11. Bb3 Rc8 12. Rfd1 Nc4 13. Bxc4 Rxc4 14. Nce2 Qc8 15. c3 b5 16. Nc2 Qb7 17. Ned4 Rfc8 18. Qf2 R4c7 19. Bg5 a5 20. a3 Qa6 21. Rd2 Rc4 22. Rad1 Qb6 23. Ne3 R4c5 24. Bxf6 Bxf6 25. Nd5 Rxd5 26. exd5 b4 27. cxb4 axb4 28. Ne2 Qa5 29. axb4 Qxb4 30. Qe3 Bxb2 31. Qf2 Ba4 32. Ng3 Bxd1 33. Rxb2 Qa3 34. Qd4 Bb3 35. Rd2 Rc4 36. Qe3 1-0

[Event "SRB Central-ch op-B 8th"]
[Site "Paracin"]
[Date "2015.07.07"]
[Round "5"]
[White "Tosic, Dragoljub"]
[Black "Musovic, Sabrija"]
[Result "0-1"]
[WhiteElo "1892"]
[BlackElo "2021"]
[PlyCount "82"]
[EventDate "2015.07.03"]
[EventType "swiss"]
[EventRounds "9"]
[EventCountry "SRB"]
[SourceTitle "CBM 167 Extra"]
[Source "ChessBase"]
[SourceDate "2015.09.14"]
[SourceVersion "1"]
[SourceVersionDate "2015.09.14"]
[SourceQuality "1"]

1. d4 d5 2. Nf3 Nf6 3. g3 e6 4. Bg2 c5 5. 0-0 Nc6 6. c4 dxc4 7. Qa4 Bd7 8. Qxc4 Qb6 9. Ne5 cxd4 10. Nxd7 Nxd7 11. a3 Be7 12. Nd2 Nde5 13. Qa4 0-0 14. b4 a6 15. Ne4 h6 16. Qb3 Rfd8 17. Rd1 Rac8 18. Rb1 Ng4 19. h3 Nf6 20. Nxf6+ Bxf6 21. Be4 Ne7 22. Bd2 Nd5 23. Rbc1 Nc3 24. Bxc3 dxc3 25. Bb1 Be5 26. e3 g6 27. Bc2 Qc6 28. Rxd8+ Rxd8 29. Rd1 Rc8 30. f4 Bf6 31. Kf2 Kg7 32. h4 g5 33. hxg5 hxg5 34. e4 Rh8 35. Kg2 g4 36. Rh1 Rd8 37. Rf1 Qb6 38. Qc4 Rd2+ 39. Kh1 Rxc2 40. f5 Qd8 41. fxe6 Qh8+ 0-1

[Event "Sarajevo Bosna op 45th"]
[Site "Sarajevo"]
[Date "2015.06.02"]
[Round "6"]
[White "Musovic, Sabrija"]
[Black "Johnen, Franz"]
[Result "1-0"]
[WhiteElo "2043"]
[BlackElo "1717"]
[PlyCount "105"]
[EventDate "2015.05.30"]
[EventType "swiss"]
[EventRounds "9"]
[EventCountry "BIH"]
[SourceTitle "CBM 166 Extra"]
[Source "ChessBase"]
[SourceDate "2015.06.18"]
[SourceVersion "1"]
[SourceVersionDate "2015.06.18"]
[SourceQuality "1"]

1. e4 c5 2. Nf3 Nc6 3. d4 cxd4 4. Nxd4 e5 5. Nf5 d6 6. Nc3 Bxf5 7. exf5 Nf6 8. Bg5 Be7 9. Qd2 0-0 10. 0-0-0 Nd4 11. Bd3 Rc8 12. Be3 Qb6 13. f3 d5 14. Nb5 a6 15. Nxd4 exd4 16. Bg5 Rfe8 17. Qf2 h6 18. Bd2 a5 19. a4 Bd6 20. Bb5 Re7 21. Kb1 Rec7 22. c3 Bc5 23. Qg3 dxc3 24. Bxc3 d4 25. Bd2 Bd6 26. Qe1 Re7 27. Qh4 Qc5 28. g4 Qc2+ 29. Ka2 Qc5 30. Ka1 Qd5 31. g5 hxg5 32. Bxg5 Qb3 33. Rc1 Rec7 34. Rxc7 Rxc7 35. Bxf6 Rc2 36. Bxd4 Ba3 37. Rb1 f6 38. Qe4 Kh7 39. Qd3 Qxd3 40. Bxd3 Rd2 41. Be4 Rxd4 42. bxa3 Rxa4 43. Ka2 Rd4 44. Rxb7 Kh6 45. Rb5 Rd2+ 46. Rb2 Rd4 47. Kb3 Kh7 48. a4 Rb4+ 49. Ka3 Rd4 50. Rb5 Rd2 51. Rxa5 Rxh2 52. Rb5 Rh1 53. Rb1 1-0

[Event "SRB-chT2 West"]
[Site "Sabac"]
[Date "2014.09.27"]
[Round "5.6"]
[White "Leontic, Ivica"]
[Black "Musovic, Sabrija"]
[Result "1/2-1/2"]
[WhiteElo "2047"]
[BlackElo "2106"]
[PlyCount "54"]
[EventDate "2014.09.25"]
[EventType "team-swiss"]
[EventRounds "6"]
[EventCountry "SRB"]
[SourceTitle "EXT 2015"]
[Source "ChessBase"]
[SourceDate "2014.11.20"]
[SourceVersion "1"]
[SourceVersionDate "2014.11.20"]
[SourceQuality "1"]

1. d4 d5 2. c4 c6 3. cxd5 cxd5 4. Nc3 Nf6 5. Bf4 Nc6 6. e3 a6 7. Bd3 e6 8. Nge2 b5 9. Rc1 Bb7 10. 0-0 Bd6 11. Nb1 Nb4 12. Qb3 Nxd3 13. Qxd3 Ne4 14. Rc2 0-0 15. f3 Bxf4 16. Nxf4 Nd6 17. b3 b4 18. Qd2 a5 19. Nd3 Ba6 20. Rfc1 h5 21. Nc5 Bb5 22. a3 Rb8 23. a4 Be8 24. Qe2 Rb6 25. Nd2 Qe7 26. Qd3 g5 27. e4 Kg7 1/2-1/2

[Event "SRB-chT2 West"]
[Site "Sabac"]
[Date "2014.09.27"]
[Round "4.6"]
[White "Musovic, Sabrija"]
[Black "Matovic, Petar"]
[Result "1/2-1/2"]
[WhiteElo "2106"]
[BlackElo "2213"]
[PlyCount "48"]
[EventDate "2014.09.25"]
[EventType "team-swiss"]
[EventRounds "6"]
[EventCountry "SRB"]
[SourceTitle "EXT 2015"]
[Source "ChessBase"]
[SourceDate "2014.11.20"]
[SourceVersion "1"]
[SourceVersionDate "2014.11.20"]
[SourceQuality "1"]

1. e4 d5 2. exd5 Qxd5 3. Nc3 Qa5 4. d4 c6 5. Bd2 Qd8 6. Be3 Nf6 7. h3 Bf5 8. Bd3 Bxd3 9. Qxd3 e6 10. Nf3 Nbd7 11. g4 Qc7 12. 0-0-0 Bd6 13. Kb1 0-0-0 14. g5 Nd5 15. Ne4 Bf4 16. c4 Ne7 17. Qa3 Nf5 18. Qxa7 Bxe3 19. fxe3 Nxe3 20. c5 Nf5 21. Rd3 b5 22. Qa8+ Nb8 23. Ne5 Rhf8 24. Rc1 Qb7 1/2-1/2

[Event "SRB-chT2 West"]
[Site "Sabac"]
[Date "2014.09.25"]
[Round "1.5"]
[White "Knezevic, Veljko"]
[Black "Musovic, Sabrija"]
[Result "1-0"]
[WhiteElo "1890"]
[BlackElo "2106"]
[PlyCount "59"]
[EventDate "2014.09.25"]
[EventType "team-swiss"]
[EventRounds "6"]
[EventCountry "SRB"]
[SourceTitle "EXT 2015"]
[Source "ChessBase"]
[SourceDate "2014.11.20"]
[SourceVersion "1"]
[SourceVersionDate "2014.11.20"]
[SourceQuality "1"]

1. e4 c5 2. Nf3 d6 3. d4 cxd4 4. Nxd4 Nf6 5. Nc3 a6 6. f4 e5 7. Nf3 Qc7 8. a4 Be7 9. Bd3 b6 10. 0-0 Bb7 11. Kh1 Nbd7 12. Qe1 Nc5 13. Nh4 g6 14. fxe5 dxe5 15. Bh6 Nxd3 16. cxd3 Ng4 17. Bd2 Qd8 18. Qe2 Nxh2 19. Kxh2 Bxh4 20. Bh6 Qd6 21. Nd5 f5 22. Rac1 Bxd5 23. exd5 e4+ 24. Kh1 Qxd5 25. dxe4 Qxe4 26. Qd2 Be7 27. Rfe1 Qh4+ 28. Kg1 Rd8 29. Bg5 Rxd2 30. Rxe7+ 1-0

[Event "SRB-chT Central"]
[Site "Kragujevac"]
[Date "2013.09.20"]
[Round "9.2"]
[White "Parligras, Mircea Emilian"]
[Black "Musovic, Sabrija"]
[Result "1-0"]
[WhiteElo "2560"]
[BlackElo "2093"]
[PlyCount "62"]
[EventDate "2013.09.14"]
[EventType "team-tourn"]
[EventRounds "11"]
[EventCountry "SRB"]
[SourceTitle "CBM 156 Extra"]
[Source "ChessBase"]
[SourceDate "2013.10.22"]
[SourceVersion "1"]
[SourceVersionDate "2013.10.22"]
[SourceQuality "1"]
[WhiteTeam "Pozega"]
[BlackTeam "Prijepolje Priko"]
[WhiteTeamCountry "SRB"]
[BlackTeamCountry "SRB"]

1. d4 d5 2. c4 c6 3. Nf3 Nf6 4. e3 e6 5. Nc3 Bb4 6. Bd3 dxc4 7. Bxc4 c5 8. 0-0 0-0 9. Qe2 cxd4 10. exd4 Bxc3 11. bxc3 Qc7 12. Bb2 b6 13. Bd3 Nbd7 14. c4 Bb7 15. Rfd1 Rfe8 16. a4 Qf4 17. Qe3 Qxe3 18. fxe3 Be4 19. Be2 a5 20. Bc3 Rac8 21. Ra3 Bb7 22. Rb1 Ba6 23. Nd2 Nd5 24. Bb2 f5 25. Rb3 g5 26. Bh5 Re7 27. cxd5 exd5 28. Ba3 Rg7 29. Bf3 Bb7 30. Rc1 Rxc1+ 31. Bxc1 Bc6 1-0

[Event "SRB-chT2 West CS"]
[Site "Serbia"]
[Date "2011.10.15"]
[Round "10.6"]
[White "Djokovic, Nebojsa"]
[Black "Musovic, Sabrija"]
[Result "1/2-1/2"]
[WhiteElo "2097"]
[BlackElo "2140"]
[PlyCount "21"]
[EventDate "2011.09.11"]
[EventType "team"]
[EventRounds "11"]
[EventCountry "SRB"]
[SourceTitle "EXT 2015"]
[Source "ChessBase"]
[SourceDate "2014.11.20"]
[SourceVersion "1"]
[SourceVersionDate "2014.11.20"]
[SourceQuality "1"]

1. e4 c5 2. Nc3 a6 3. f4 e6 4. Nf3 d6 5. a4 Nc6 6. Bc4 Be7 7. 0-0 Nf6 8. d3 0-0 9. Qe1 Nd4 10. Nxd4 cxd4 11. Ne2 1/2-1/2

[Event "SRB-chT2 West CS"]
[Site "Serbia"]
[Date "2011.10.15"]
[Round "9.6"]
[White "Musovic, Sabrija"]
[Black "Ignjatovic, Predrag"]
[Result "0-1"]
[WhiteElo "2140"]
[BlackElo "2285"]
[PlyCount "63"]
[EventDate "2011.09.11"]
[EventType "team"]
[EventRounds "11"]
[EventCountry "SRB"]
[SourceTitle "EXT 2015"]
[Source "ChessBase"]
[SourceDate "2014.11.20"]
[SourceVersion "1"]
[SourceVersionDate "2014.11.20"]
[SourceQuality "1"]

1. e4 e5 2. Nf3 Nc6 3. Bb5 a6 4. Ba4 Nf6 5. 0-0 Nxe4 6. Re1 Nc5 7. Bxc6 dxc6 8. Nxe5 Be7 9. d4 Nd7 10. Qe2 Nxe5 11. dxe5 Bf5 12. Nc3 Qd7 13. Be3 0-0-0 14. f4 Qe6 15. Bf2 Rd7 16. Qe3 b6 17. Ne4 Rhd8 18. a4 a5 19. h3 h5 20. b3 Kb7 21. Re2 Qg6 22. Rae1 Bb4 23. Rf1 Be7 24. Kh2 h4 25. Rfe1 Kb8 26. Qf3 Rd5 27. Nc3 Rd2 28. e6 fxe6 29. Qxc6 R2d6 30. Qc4 Rd2 31. Rxd2 Rxd2 32. Ne4 0-1

[Event "SRB-chT2 West CS"]
[Site "Serbia"]
[Date "2011.10.14"]
[Round "8.6"]
[White "Gosic, Bogdan"]
[Black "Musovic, Sabrija"]
[Result "1-0"]
[WhiteElo "2318"]
[BlackElo "2140"]
[PlyCount "121"]
[EventDate "2011.09.11"]
[EventType "team"]
[EventRounds "11"]
[EventCountry "SRB"]
[SourceTitle "EXT 2015"]
[Source "ChessBase"]
[SourceDate "2014.11.20"]
[SourceVersion "1"]
[SourceVersionDate "2014.11.20"]
[SourceQuality "1"]

1. e4 c5 2. Nf3 d6 3. d4 cxd4 4. Nxd4 Nf6 5. Nc3 a6 6. Bg5 e6 7. f4 Be7 8. Qf3 Qc7 9. 0-0-0 Nbd7 10. g4 b5 11. a3 Bb7 12. Bxf6 gxf6 13. f5 e5 14. Nde2 Nb6 15. h4 h6 16. Bh3 0-0-0 17. g5 hxg5 18. hxg5 Kb8 19. g6 Bf8 20. Kb1 Bh6 21. Rd3 Nc4 22. Rhd1 Bg5 23. Bg4 Rh6 24. Bh5 fxg6 25. fxg6 Rdh8 26. Ng3 Rd8 27. Nf5 Rhh8 28. g7 Rhg8 29. Bg6 Bc6 30. Bh7 Rxg7 31. Nxg7 Qxg7 32. Bf5 Qe7 33. Qf2 Qa7 34. Qxa7+ Kxa7 35. Be6 Ne3 36. Rg1 Nc4 37. Ka2 Kb6 38. b3 Na5 39. Rh1 Nb7 40. b4 a5 41. Rh7 Bc1 42. Bd5 axb4 43. Bxc6 Kxc6 44. Nd5 Rd7 45. Rxd7 Kxd7 46. axb4 Bg5 47. Rh3 Nd8 48. Rh7+ Kc8 49. Nc7 Nc6 50. c3 Na7 51. Ne8 Kb8 52. Nxd6 Be3 53. Rb7+ Ka8 54. Rh7 Kb8 55. Kb3 Bg5 56. c4 bxc4+ 57. Kxc4 Nc6 58. Rb7+ Ka8 59. Rc7 Nd4 60. b5 Ne6 61. b6 1-0

[Event "SRB-chT2 West"]
[Site "Valjevo"]
[Date "2010.10.14"]
[Round "6"]
[White "Ilic, Dragan M"]
[Black "Musovic, Sabrija"]
[Result "1-0"]
[WhiteElo "2367"]
[BlackElo "2146"]
[PlyCount "59"]
[EventDate "2010.09.12"]
[EventType "team-tourn"]
[EventRounds "9"]
[EventCountry "YUG"]
[SourceTitle "EXT 2011"]
[Source "ChessBase"]
[SourceDate "2010.11.26"]
[SourceVersion "1"]
[SourceVersionDate "2010.11.26"]
[SourceQuality "1"]

1. d4 d5 2. c4 c6 3. Nc3 Nf6 4. Nf3 e6 5. cxd5 cxd5 6. Bg5 Be7 7. e3 Nc6 8. Bd3 h6 9. Bf4 a6 10. Rc1 Bd6 11. 0-0 Bxf4 12. exf4 Bd7 13. Na4 0-0 14. Nc5 Ra7 15. a3 g6 16. Re1 Kg7 17. b4 Re8 18. g3 Ng8 19. h4 Nge7 20. h5 Bc8 21. hxg6 Nxg6 22. Qe2 Qf6 23. Qe3 Rg8 24. Kg2 Nce7 25. Rh1 Nf5 26. Bxf5 Qxf5 27. Nd3 b6 28. Nde5 f6 29. Nxg6 Qxg6 30. Rc6 1-0